V-14 PROFESÖR KİP İLE ZAMANSIZ GELEN GÖREV (Record no. 588812)
[ view plain ]
| 000 -LEADER | |
|---|---|
| sabit uzunluktaki kontrol alanı | 00301nam a2200109Ia 4500 |
| 001 - KONTROL NUMARASI | |
| kontrol alanı | 588812 |
| 005 - EN SON İŞLEMİN TARİH VE ZAMANI | |
| kontrol alanı | 20250717120838.0 |
| 008 - SABİT-UZUNLUKTA VERİ ÖĞELERİ--GENEL BİLGİ | |
| sabit uzunluktaki kontrol alanı | 250717s9999 xx 000 0 und d |
| 245 #0 - ESER / YAZAR | |
| ESER ADI | V-14 PROFESÖR KİP İLE ZAMANSIZ GELEN GÖREV |
| Yazar Adı | BİRSEN EKİM ÖZEN |
| 260 ## - YAYIN, DAĞITIM, VB. | |
| YAYIN EVİ | TİMAŞ YAYINLARI |
| Yayın, dağıtım tarihi, vb. | 2016 |
| 300 ## - FİZİKSEL AÇIKLAMA | |
| Diğer fiziksel ayrıntılar | 93 |
No items available.